书目信息 |
| 题名: |
张子扬诗选——告别柏林
|
|
| 作者: | 张子扬 著 ;李逵六 译 | |
| 分册: | ||
| 出版信息: | 北京 外语教学与研究出版社 2004 |
|
| 页数: | 17,91页 | |
| 开本: | 18cm | |
| 丛书名: | ||
| 单 册: | ||
| 中图分类: | H339.4 , I227 | |
| 科图分类: | ||
| 主题词: | 德语--汉语--对照读物 , 新诗--中国--现代--选集 , 德语 , 汉语 , 新诗 | |
| 电子资源: | ||
| ISBN: | 7-5600-4028-4 | |
| 000 | 01069nam0 2200313 450 | |
| 001 | 002707551 | |
| 005 | 20070805100757.23 | |
| 010 | @a7-5600-4028-4@dCNY4.90 | |
| 100 | @a20040824d2004 em y0chiy0110 ea | |
| 101 | 2 | @achi@ager@cger |
| 102 | @aCN@b110000 | |
| 105 | @ay z 000gy | |
| 106 | @ar | |
| 200 | 1 | @a张子扬诗选——告别柏林@Azhang zi yang shi xuan — — gao bie bo lin@e[中德文对照]@E[ zhong de wen dui zhao ]@f张子扬著@Fzhang zi yang zhu@g李逵六译@Gli kui liu yi |
| 210 | @a北京@c外语教学与研究出版社@d2004 | |
| 215 | @a17,91页@d18cm | |
| 330 | @a本书收录咏怀、记游的诗歌作品,再现了柏林的国会大厦、柏林墙遗址、马克思雕像等东、西德历史、文化的标志与记忆。 | |
| 510 | 1 | @aZhang Ziyang Abschied von Berlin@zger |
| 606 | 0 | @a德语@x汉语@j对照读物 |
| 606 | 0 | @a新诗@y中国@z现代@j选集 |
| 606 | 0 | @a德语 |
| 606 | 0 | @a汉语 |
| 606 | 0 | @a新诗 |
| 690 | @aH339.4@v4 | |
| 690 | @aI227@v4 | |
| 701 | 0 | @a张子扬@Azhang zi yang@f(1956.6~)@4著 |
| 702 | 0 | @a李逵六@Ali kui liu@f(1936.7~)@4译 |
| 801 | 0 | @aCN@bNLC@c20070805 |
| 905 | @dH339.4@e200@f3 | |
| 张子扬诗选——告别柏林:[中德文对照]/张子扬著/李逵六译.-北京:外语教学与研究出版社,2004 |
| 17,91页;18cm |
| ISBN 7-5600-4028-4:CNY4.90 |
| 本书收录咏怀、记游的诗歌作品,再现了柏林的国会大厦、柏林墙遗址、马克思雕像等东、西德历史、文化的标志与记忆。 |
| ● |
| 相关链接 |
|
|
|
|
正题名:张子扬诗选——告别柏林
索取号:H339.4/200
 
预约/预借
| 序号 | 登录号 | 条形码 | 馆藏地/架位号 | 状态 | 备注 |
| 1 | 0852318 | 208523187 | 第二样本阅览室/ [索取号:H339.4/200] | 在馆 | |
| 2 | 0852319 | 208523196 | 第四借阅区/ [索取号:H339.4/200] | 在馆 | |
| 3 | 0852320 | 208523203 | 第四借阅区/ [索取号:H339.4/200] | 在馆 |